Statistiques concernant Pilote ayant le plus gagner pour une écurie de Formule 1

Cliquez ici pour prendre le quiz!

Statistiques générales

  • Ce quiz a été pris 133 fois
  • Le résultat moyen est 16 sur 34

Statistiques - réponses

EcuriePilote% Correct
MercedesHamilton (82)
99%
BennettonSchumacher (19)
99%
FerrariSchumacher (72)
99%
Red BullVerstappen (40)
96%
RenaultAlonso (17)
87%
McLarenSenna (35)
87%
Toro RossoVettel (1)
83%
Alpha TauriGasly (1)
80%
Alfa RoméoFangio (3)
63%
MaseratiFangio (6)
63%
HondaSurtees / Button / Ginther (1)
61%
BrawnButton (6)
60%
WilliamsMansell (28)
54%
BRMHill (10)
52%
MarchBrambilla / Peterson / Stewart (1)
46%
MatraStewart (9)
45%
TyrellStewart (9)
45%
Team LotusClark (25)
42%
CooperBrabham (7)
39%
BrabhamPiquet (13)
39%
BMW SauberKubica (1)
38%
HeskethHunt (1)
32%
Lotus F1Raikonnen (2)
29%
LigierLaffite (6)
24%
VanwallMoss (6)
23%
JordanFrentzen (2)
18%
StewartHerbert (1)
15%
ShadowJones (1)
15%
PorscheGuerney (1)
12%
PenskeWatson (1)
5%
EpperlyBryan / Hanks (1)
1%
KuznaRuttman (1)
1%
Kurtis KraftVukovitch (2)
1%
WolfScheckther (3)
0%

Distribution des résultats

Percentile par nombre de réponses

% des personnes avec chaque résultat

Votre développement - résultats

Vous n’avez pas pris ce quiz